| 000 | 01042nam a22002657a 4500 | ||
|---|---|---|---|
| 999 |
_c176878 _d176878 |
||
| 005 | 20210201151404.0 | ||
| 010 | _aENG-128887-88 | ||
| 020 |
_c750.00 (Vol. 1) _a978-93-534-3366-6 |
||
| 020 |
_c699.00 (Vol. 2) _a978-93-534-3367-3 |
||
| 035 | _aEN-112419 (Vol. 1) | ||
| 035 | _aEN-112420 (Vol. 2) | ||
| 037 | _bDBAD/PUB | ||
| 082 | _a000 | ||
| 100 | _aYoung, Hugh D. | ||
| 245 |
_aSears and Zemansky's University Physics for JEE Mains ans Advance/ _cHugh D. Young and Roger A. Freedman |
||
| 250 | _a13th | ||
| 260 |
_aUttar Pradesh _bPerason India Education Services Pvt. Ltd. _c2021 |
||
| 270 |
_bUttar Pradesh _e201301 _a15th Floor, Tower- B, World Trade Tower, Plot No- 1, Block- C, Sec- 16, Noida _k044-66540100 _mcompanysecretary.india@pearson.com |
||
| 300 |
_axiii+637(Vol 1) various pages (Vol 2)p. _c25cm(pbk) _bIncluding Illustrations and tables. |
||
| 700 | _aFreedman, Roger A. | ||
| 700 | _aFord, A. Lewis | ||
| 700 | _aJain, Nitin | ||
| 700 | _aSethia, Neel Kamal | ||
| 942 |
_2ddc _cEN _h000 _mYOU |
||